<?xml version="1.0" encoding="UTF-8"?><collection xmlns="info:lc/xmlns/marcxchange-v2"><record format="Unimarc" type="bibliographic"><leader>00741nam  2200253   450 </leader><controlfield tag="001">1671327</controlfield><controlfield tag="003">http://id.bnportugal.gov.pt/bib/porbase/1671327</controlfield><datafield ind1=" " ind2=" " tag="010"><subfield code="a">960-253-028-6</subfield></datafield><datafield ind1=" " ind2=" " tag="035"><subfield code="a">(bn)1671327</subfield></datafield><datafield ind1=" " ind2=" " tag="100"><subfield code="a">20071109d20002010m  y0pory0103    ba</subfield></datafield><datafield ind1="1" ind2=" " tag="101"><subfield code="a">gre</subfield><subfield code="a">eng</subfield></datafield><datafield ind1=" " ind2=" " tag="102"><subfield code="a">GR</subfield></datafield><datafield ind1=" " ind2=" " tag="106"><subfield code="a">r</subfield></datafield><datafield ind1="1" ind2=" " tag="200"><subfield code="a">Greek vessels of the Middle Ages</subfield></datafield><datafield ind1=" " ind2="9" tag="210"><subfield code="a">[S.l.]</subfield><subfield code="c">Dimitris Michalopoulos</subfield><subfield code="d">[200-]</subfield></datafield><datafield ind1=" " ind2=" " tag="215"><subfield code="a">133, [2] p.</subfield><subfield code="c">il.</subfield><subfield code="d">25 cm</subfield></datafield><datafield ind1="2" ind2=" " tag="225"><subfield code="a">Europe</subfield></datafield><datafield ind1=" " ind2=" " tag="305"><subfield code="a">Ed. bilingue: grego e inglês</subfield></datafield><datafield ind1=" " ind2=" " tag="675"><subfield code="a">629.53(=1:495)"04/14"</subfield><subfield code="v">BN</subfield><subfield code="z">por</subfield><subfield code="3">1316414</subfield></datafield><datafield ind1=" " ind2=" " tag="675"><subfield code="a">75.04</subfield><subfield code="v">BN</subfield><subfield code="z">por</subfield><subfield code="3">297262</subfield></datafield><datafield ind1=" " ind2="1" tag="700"><subfield code="a">Michalopoulos</subfield><subfield code="b">Dimitris</subfield><subfield code="f">1952-</subfield><subfield code="3">1244994</subfield></datafield><datafield ind1=" " ind2="1" tag="702"><subfield code="a">Milanos</subfield><subfield code="b">Antonis</subfield><subfield code="f">1945-</subfield><subfield code="4">440</subfield><subfield code="3">1303753</subfield></datafield><datafield ind1=" " ind2="0" tag="801"><subfield code="a">PT</subfield><subfield code="b">BN</subfield><subfield code="g">RPC</subfield></datafield><datafield ind1=" " ind2=" " tag="966"><subfield code="l">BN</subfield><subfield code="m">FGMON</subfield><subfield code="x">3</subfield></datafield><datafield ind1=" " ind2=" " tag="997"><subfield code="a">BIBEOD</subfield></datafield></record></collection>